000 00498nam a2200205Ia 4500
003 OSt
005 20240124095112.0
008 210210b2019 xxu||||| |||| 00| 0 eng d
040 _cAL
041 _aeng
082 _a519.5 RAJQ
100 _aRAJ MOHAN
_9148984
245 _aQuantitative techniques II
260 _aUdupi
_bBenaka Books, Udupi
_c2019
300 _a140
650 _aSecond B.Com
_9148985
690 _aMathematical Statistics
_9148986
906 _a073889
942 _2ddc
_cBK
999 _c123619
_d123619